LIBRARY & INFORMATION CENTRE, KCAET, TAVANUR

ONLINE PUBLIC ACCESS CATALOGUE (OPAC)

Linear programming: Basic theory and applications / (Record no. 9878)

MARC details
000 -LEADER
fixed length control field 00446cam a2200169ua 4500
041 ## - LANGUAGE CODE
Language code of text/sound track or separate title eng
082 ## - DEWEY DECIMAL CLASSIFICATION NUMBER
Classification number 519.72
Item number SWA/LI
100 ## - MAIN ENTRY--AUTHOR NAME
Personal name Swanson, Leonard .
245 ## - TITLE STATEMENT
Title Linear programming: Basic theory and applications /
260 ## - PUBLICATION, DISTRIBUTION, ETC. (IMPRINT)
Place of publication Tokyo :
Name of publisher McGraw Hill Kogakusha ,
Year of publication 1980.
300 ## - PHYSICAL DESCRIPTION
Number of Pages 218 ; .
942 ## - ADDED ENTRY ELEMENTS (KOHA)
Koha item type Books
Holdings
Withdrawn status Lost status Damaged status Home library Current library Date acquired Full call number Accession Number Koha item type
      KAUAET KAUAET 07/04/2012 519.72 SWA/LI 17011 Books
free website counter